Statistics for Giveon Charting Songs (Billboard Hot Rap / R&B)

Click here to take the quiz!

General Stats

  • This quiz has been taken 46 times
    (36 since last reset)
  • The average score is 5 of 9

Answer Stats

AlbumWeeks OnPeakArtist(s)Song% Correct
Take Time28 Weeks#5GiveonHeartbreak Anniversary
100%
Justice24 Weeks#1Justin Bieber ft. Giveon & Daniel CaesarPeaches
96%
Dark Lane Demo Tapes16 Weeks#11Drake ft. GiveonChicago Freestyle
73%
Take Time8 Weeks#34GiveonLike I Want You
62%
Give or Take16 Weeks#17GiveonFor Tonight
50%
Give or Take2 Weeks#37GiveonLost Me
42%
Certified Lover Boy9 Weeks#6Drake ft. Lil Durk & GiveonIn the Bible
35%
Give or Take1 Week#48GiveonLie Again
35%
When It's All Said and Done... Take Time1 Week#43GiveonAll to Me
19%

Score Distribution

Percentile by Number Answered

Percent of People with Each Score

Your Score History

You have not taken this quiz since the last reset